Estudio pericial de la huella de la mordedura humana : análisis odontológico legal, criminalístico, médico forense y jurídico /

Texto de odontología legal sobre el análisis de la huella de la mordedura humana, para su uso en las pesquisas civiles y criminales y como prueba pericial.

Salvato in:
Dettagli Bibliografici
Autore principale: Correa Ramírez, Alberto Isaac (autor)
Natura: Libro
Lingua:spagnolo
Pubblicazione: Toluca, México : Universidad Autónoma del Estado de México, Facultad de Odontología, 2001, c2001
Soggetti:
Tags: Aggiungi Tag
Nessun Tag, puoi essere il primo ad aggiungerne!!

MARC

LEADER 00000nam^a2200000^a^4500
001 000135431
005 20250521000000.0
009 20260310095243.397
020 |a 968-835-706-5 
037 |a Acervo ITESO - Biblioteca 
041 |a ESP 
082 |a 363. 2562  |b COR 
100 |a Correa Ramírez, Alberto Isaac  |e (autor) 
245 1 0 |a Estudio pericial de la huella de la mordedura humana :  |b análisis odontológico legal, criminalístico, médico forense y jurídico /  |c A.I. Correa Ramírez. 
264 4 |a Toluca, México :  |b Universidad Autónoma del Estado de México, Facultad de Odontología,  |c 2001, c2001 
300 |a 197 p. 
336 |a texto  |b txt  |2 rdacontenido 
337 |a sin mediación  |b n  |2 rdamedio 
338 |a volumen  |b nc  |2 rdasoporte 
520 |a Texto de odontología legal sobre el análisis de la huella de la mordedura humana, para su uso en las pesquisas civiles y criminales y como prueba pericial. 
649 |a XX 
650 |a Odontología Legal 
650 |a Medicina Legal 
650 |a Prueba Pericial 
650 |a Evidencia -  |x Análisis 
650 |a Criminalística 
650 |a Investigación del Delito 
650 |a Investigación Jurídica 
650 |a Derecho Penal 
650 |a Derecho Civil 
650 |a Ciencias Médicas 
910 |a Fondo General 
920 |a Impresos - Libros 
930 |a Colección General 
905 |a 101 
901 |a 0500064258  |b IT1  |c ACC  |u 20250521 
902 |a https://opac.biblio.iteso.mx/vufind/Record/000135431